| 000 | 00629 a2200193 4500 | ||
|---|---|---|---|
| 001 | 065559 | ||
| 003 | OSt | ||
| 005 | 20220215163019.0 | ||
| 008 | |||
| 082 |
_a332.6 _bC97Q |
||
| 100 | 1 | _aNitzsche, Dirk | |
| 245 | 1 |
_aQuantitative financial economics _cby Dirk Nitzsche and Keith Cuthbertson |
|
| 250 | _a2nd ed. | ||
| 260 |
_aIndia _bWiley _c2004 |
||
| 300 | _a720p. | ||
| 653 | _aInvestments--Mathematical models; Stocks--Mathematical models; Capital assets pricing model; Bonds--Mathematical models; Foreign exchange--Mathematical models | ||
| 700 | _aCuthbertson, Keith | ||
| 942 |
_2ddc _cBK |
||
| 999 |
_c98 _d98 |
||